000 00513nam a2200193 a 4500
001 000030252
005 20200930060154.0
008 110505s1995 dr a 000 0 spa d
040 _aDO-SdBNP
_bspa
_cBNPHU
082 _axxx
_bC968p
245 0 0 _aCultivo de papa.
250 _a2a ed.
260 _aSanto Domingo :
_bFundación de Desarrollo Agropecuario,
_c1995.
300 _a38 p. :
_bil. ;
_c29 cm.
490 1 _aCultivos
504 _aBibliografía : 36-38
830 0 _aCultivos
_928768
049 _aBNPD
999 _c29744
_d29744